10 größte Fußball Stadien in Rheinland-Pfalz - Statistiken

Allgemein
  • Dieses Quiz wurde 72 mal gespielt
  • Das Durchschnittsergebnis liegt bei 5 aus 10
Antwortstatistiken
Kapazität Verein Stadion % Korrekt
49.327 1. FC Kaiserslautern Fritz-Walter-Stadion
88%
33.305 1. FSV Mainz 05 Mewa Arena
86%
10.236 Eintracht Trier Moselstadion
69%
7134 1. FSV Mainz 05 II Bruchwegstadion
60%
10.176 TuS Koblenz / RW Koblenz Stadion Oberwerth
55%
7500 FSV Salmrohr Salmtalstadion
31%
5624 Wormatia Worms EWR Arena
26%
6000 Arminia Ludwigshafen Südweststadion
24%
10.000 FK Pirmasens Sportpark Husterhöhe
14%
10.000 Eintracht Bad Kreuznach Friedrich-Moebus-Stadion
5%
Keine übereinstimmenden Quizze gefunden
Verteilung der Resultate
Anzahl Personen mit jedem Resultat
Perzentil nach korrekt beantworteten Fragen
Ihre Resultats-Entwicklung
Sie haben dieses Quiz noch nicht gespielt